Director's handbook (Record no. 28426)

MARC details
000 -LEADER
fixed length control field 00281nam a2200121Ia 4500
082 ## - DEWEY DECIMAL CLASSIFICATION NUMBER
Classification number 65(035)
Item number BUL
100 ## - MAIN ENTRY--AUTHOR NAME
Personal name Bull, G
245 #0 - TITLE STATEMENT
Title Director's handbook
250 ## - EDITION STATEMENT
Edition statement Ed.2
260 ## - PUBLICATION, DISTRIBUTION, ETC. (IMPRINT)
Place of publication New York
Name of publisher McGraw Hill
Year of publication 1977
942 ## - ADDED ENTRY ELEMENTS (KOHA)
Koha item type Books
Holdings
Withdrawn status Lost status Damaged status Not for loan Home library Current library Date acquired Cost, normal purchase price Full call number Accession Number Koha item type
        RRII Library RRII Library 16/12/2021 26.95 65(035) BUL 09027 Books